Painting in Islam : (Record no. 70768)
[ view plain ]
| 000 -LEADER | |
|---|---|
| fixed length control field | 00691nam a2200217 a 4500 |
| 001 - CONTROL NUMBER | |
| control field | 70768 |
| 003 - CONTROL NUMBER IDENTIFIER | |
| rucl marc code | BD-RjUL |
| 005 - DATE AND TIME OF LATEST TRANSACTION | |
| control field | 20211209082034.0 |
| 008 - FIXED-LENGTH DATA ELEMENTS--GENERAL INFORMATION | |
| fixed length control field | 880808s1928 enk 000 0 eng d |
| 035 ## - SYSTEM CONTROL NUMBER | |
| System control number | (BD-RjUL)70982 |
| 040 ## - CATALOGING SOURCE | |
| Original cataloging agency | DLC |
| Transcribing agency | MIU |
| Modifying agency | SER |
| -- | BD-RjUL |
| Language of cataloging | eng |
| 041 ## - LANGUAGE CODE | |
| Language code of text/sound track or separate title | eng |
| 082 ## - DEWEY DECIMAL CLASSIFICATION NUMBER | |
| Edition number | 23 |
| Classification number | 759.953 |
| Author mark and year | ARP 1928 |
| 100 1# - MAIN ENTRY--PERSONAL NAME | |
| Personal name | Arnold, Thomas Walker, |
| Dates associated with a name | 1864-1930. |
| 9 (RLIN) | 209469 |
| 245 10 - TITLE STATEMENT | |
| Title | Painting in Islam : |
| Remainder of title | a study of the place of pictorial art in Muslim culture / |
| Statement of responsibility, etc. | by Sir Thomas W. Arnold |
| 260 ## - PUBLICATION, DISTRIBUTION, ETC. (IMPRINT) | |
| Place of publication, distribution, etc. | New York : |
| Name of publisher, distributor, etc. | Dover pub. , |
| Date of publication, distribution, etc. | 1965 |
| 300 ## - PHYSICAL DESCRIPTION | |
| Pagination | xviii, 159 p. : |
| Size | 24 cm |
| Illustrations | ill. ; |
| 650 #0 - SUBJECT ADDED ENTRY--TOPICAL TERM | |
| Topical term or geographic name as entry element | Islamic painting |
| 9 (RLIN) | 209470 |
| Topical term or geographic name as entry element | Islamic civilization |
| 9 (RLIN) | 209471 |
| 942 ## - ADDED ENTRY ELEMENTS (KOHA) | |
| Source of classification or shelving scheme | Dewey Decimal Classification |
| Koha item type | Books |
| Lost status | Source of classification or shelving scheme | Damaged status | Not for loan | Collection code | Permanent Location | Current Location | Shelving location | Date acquired | Source of acquisition | Cost, normal purchase price | Total Checkouts | Full call number | Date last seen | Copy number | Koha item type | Date checked out |
|---|---|---|---|---|---|---|---|---|---|---|---|---|---|---|---|---|
| Dewey Decimal Classification | Not For Loan | Non-fiction | Central Library, University of Rajshahi | Central Library, University of Rajshahi | Reading Room | 26/08/1961 | Mukleshur Rahman | 295.00 | 759.953 ARP 1965 | 19/04/2017 | C-1 | Books | ||||
| Dewey Decimal Classification | Non-fiction | Central Library, University of Rajshahi | Central Library, University of Rajshahi | 26/08/1961 | Mukleshur Rahman | 295.00 | 1 | 759.953 ARP 1965 | 28/02/2022 | C-2 | Books | 20/12/2021 | ||||
| Dewey Decimal Classification | Non-fiction | Central Library, University of Rajshahi | Central Library, University of Rajshahi | 26/08/1961 | Mukleshur Rahman | 295.00 | 2 | 759.953 ARP 1965 | 03/03/2022 | C-3 | Books | 10/01/2022 |